Normal view
MARC view
Entry Personal Name
001 - CONTROL NUMBER
- control field: 37081
003 - CONTROL NUMBER IDENTIFIER
- control field: OSt
005 - DATE AND TIME OF LATEST TRANSACTION
- control field: 20230328143912.0
008 - FIXED-LENGTH DATA ELEMENTS
- fixed length control field: 230328|| aca||aabn | a|a d
040 ## - CATALOGING SOURCE
- Original cataloging agency: OSt
- Transcribing agency: OSt
100 ## - HEADING--PERSONAL NAME
- Personal name: Sahoo, Malabika and Mishra, Sumita
670 ## - SOURCE DATA FOUND
- Source citation: Work cat.: (OSt)521461: Sahoo, Malabika and Mishra, Sumita, Organizational influences on the motivation to transfer soft skill training in an Indian power organization
